| 000 | 00554nam a2200193Ia 4500 | ||
|---|---|---|---|
| 005 | 20260429111944.0 | ||
| 008 | 260429s9999||||xx |||||||||||||| ||und|| | ||
| 020 | _a9788184117073 | ||
| 041 | _aEnglish | ||
| 082 |
_a363.73874 _bJAS |
||
| 100 | _aJasrotia, Sanjay Kumar | ||
| 245 | 0 |
_aGlobal warming : _bcauses and effects / _cSanjay Kumar Jasrotia |
|
| 260 |
_aNew Delhi : _bSonali Publications, _c2024. |
||
| 300 | _avii, 270 p.; hb | ||
| 650 | _a Global warming | ||
| 650 | _a Greenhouse gases | ||
| 650 | _aEnvironmental science | ||
| 942 | _cTB | ||
| 999 |
_c51605 _d51605 |
||